Sociology crime and deviance - Statistics

General Stats
  • This quiz has been taken 51 times
  • The average score is 9 of 62
Answer Stats
Hint Answer % Correct
Crime as inevitable and universal, boundary maintenance and change Durkheim
97%
Status frustration, deliquent subcultures and alternative status hierarchy Cohen
69%
illegitimate means if legitimate means are unavailable, the american dream and utilitarian crime Merton
66%
Criminal, conflict and retreatist subcultures in response to inequality of illegitimate opportunity structures, Cloward and Ohlin
41%
Secondary and primary deviance, master status, deviant careers Lemert
34%
Safety valve on mens sexual frustrations Davis
28%
Right realism, the welfare underclass and lone parents on crime Murray
28%
Negotiation of justice, typifications, over-patrolling and official statistics Cicourel
24%
Crime as a warning for improperly working conditions Cohen
24%
Deviancy amplification spiral, moral panics, folk devils and the dark figure Cohen
24%
Patriarchal control in home, work and public Heidensohn
24%
left realism, relative deprivation, modernity, marginalisation and subculture as causes of crime Lea and young
24%
sex role theory, male socialisation and rejection of feminine socialisation Parsons
24%
right realism, rational choice theory on crime Clarke
21%
liberation thesis, equal criminality with abolition of patriarchy Adler
17%
working class women and absence of material and emotional benefits, poverty and patriarchy as a cause of crime Carlen
17%
Mcmafia, fall of USSR, oligarchs and transnational criminal organisations Glenny
17%
black muggings moral panic as a scapegoat and divide for capitalism Hall et al
17%
Institutional anomie theory, capitalism, the pursuit of wealth by any means and anomie Messner and Rosenfeld
17%
situational crime prevention, rational crime Clarke
14%
Prison, disciplinary power in surveillance, rehabilitation, self-surveillance Foucault
14%
myth of black criminality, and postcolonial resistance Gilroy
14%
bias against women, double standards and victim-blaming Heidensohn
14%
w/c subculture Miller
14%
Environmental crime prevention, zero tolerance, paramilitary policing Wilson
14%
Notting hill, secondary and primary deviance Young
14%
Commonsense knowledge in suicide as its impossible to know the deads meanings Atkinson
10%
global risk society, Russian heatwave and Mozambique Beck
10%
corporate crime as a result of strain box
10%
Reintegrative shaming Braithwate
10%
Law as serving the capitalist class, and east african colonies Chambliss
10%
Interactionalist suicide, using qualitative methods to avoid expert labels Douglas
10%
expressive retributive and restitutive punishment Durkheim
10%
glocal organisations Hobbs and dunningham
10%
Black economic exclusion, marginalisation, delinquent subcultures and materialism Lea and young
10%
de-labelled corporate crime Nelken
10%
new criminology and neo-marxist definitions of the study of crime. taylor et al
10%
Authority personality and disciplinary socialisation for genocide Arnado
7%
masculinity crisis and delinquent subcultures Cohen
7%
technological power, calculation of risk, anti-terrorism in west midlands Feeley and Simon
7%
TV and fear of crime study Gerbner
7%
Institutionalisation and asylums Goffman
7%
Synoptic surveillance, the media and personal cameras Mathiesen
7%
hegemonic masculinity and w/c resources Messerschmidt
7%
Ideological functions of law, false class consciousness and maintenance of workforce Pearce
7%
study of female sexual activity and support groups Sharp
7%
victim survey that found blacks less criminal Sharp and Budd
7%
Blacks and getting caught Sharp and Budd
7%
we should relax the CJS in order to lower crime Triplett
7%
Postmodernity, masculinity and violence in the service industry Winlow
7%
types of state crime denial Cohen
3%
Cyber-surveillance and surveillant assemblages Ericson
3%
mass incarceration, USA and successful capitalism Garland
3%
262 million murdered by state Green and ward
3%
Paranoia as a SFP, secondary deviance and the secondary audience on mental illness Lermert
3%
World bank, privatisation, welfare cutting and Rwandan genocide Rothe and Friedreich
3%
globalisation, TNCs, corporate crime and individualism Taylor
3%
Modernity and the holocaust Zygmunt
3%
neighbourhood and black w/c proximity to affluence Fitzgerald
0%
My Lai, obedience, authorisation, Routinisation and dehumanisation Hamilton
0%
cultural criminology and crime as a source of entertainment Haywood and Young
0%
Zemiology over criminology Hillyard
0%
No matching quizzes found
Score Distribution
Percent of People with Each Score
Percentile by Number Answered
Your Score History
You have not taken this quiz